Every town in Sweden: Stockholm - Statistics

General Stats
  • This quiz has been taken 9 times
  • The average score is 27 of 62
Answer Stats
Municipality Letter Population City/Town % Correct
Lidingö L 48,459 Lidingö
100%
Södertälje S 82,058 Södertälje
100%
Sundbyberg S 59,205 Sundbyberg
100%
Täby T 105,067 Täby
100%
Botkyrka B 101,055 Botkyrka
88%
Danderyd D 35,605 Danderyd
88%
Ekerö E 30,062 Ekerö
88%
Huddinge H 100,136 Huddinge
88%
Nacka N 113,480 Nacka
88%
Nykvarn N 8,051 Nykvarn
88%
Sollentuna S 149,094 Sollentuna
88%
Solna S 104,075 Solna
88%
Stockholm S 2,118,650 Stockholm
88%
Upplands Väsby U-V 51,715 Upplands Väsby
88%
Vaxholm V 7,204 Vaxholm
88%
Österåker Å 39,660 Åkersberga
75%
Nacka Ä 14,620 Älta
75%
Nacka B 27,110 Boo
75%
Upplands-Bro B 10,669 Bro
75%
Värmdö G 25,102 Gustavsberg
75%
Järfälla J 56,519 Jakobsberg
75%
Norrtälje N 24,856 Norrtälje
75%
Salem S 17,502 Salem
75%
Vallentuna V 35,044 Vallentuna
75%
Nynäshamn N 17,013 Nynäshamn
63%
Nacka S 10,883 Saltsjöbaden
63%
Haninge V 19,406 Västerhaninge
63%
Tyresö B 44,006 Bollmora
50%
Haninge H 55,040 Handen
50%
Järfälla K 14,198 Kallhäll
50%
Norrtälje R 5,093 Rimbo
50%
Värmdö V 3,913 Värmdö
50%
Södertälje J 6,805 Järna
38%
Haninge J 10,795 Jordbro
38%
Upplands-Bro K 12,480 Kungsängen
38%
Vaxholm Y 7,006 Ytterby
38%
Vaxholm K 1,226 Kullö
25%
Värmdö H 8,411 Hemmesta
13%
Södertälje M 1,190 Mölnbo
13%
Vaxholm O-F 2,338 Oskar-Fredriksborg
13%
Nynäshamn Ö 4,345 Ösmo
13%
Värmdö S 1,247 Stavsnäs
13%
Österåker S 2,094 Svinninge
13%
Botkyrka V 2,509 Vårsta
13%
Norrtälje Ä 1,466 Älmsta
0%
Värmdö B-O-K 1,070 Björnömalmen och Klacknäset
0%
Värmdö B 1,410 Brunn
0%
Haninge D 2,108 Dalarö
0%
Värmdö D 1,883 Djurö
0%
Södertälje E 1,104 Ekeby
0%
Norrtälje H 4,990 Hallstavik
0%
Södertälje H 1,667 Hölö
0%
Värmdö K 1,165 Kopparmora
0%
Vallentuna L 1,301 Lindholmen
0%
Södertälje P 2,632 Pershagen
0%
Tyresö R 1,211 Raksta
0%
Värmdö S 1,055 Skälsmara
0%
Värmdö S 2,274 Skeppsdalsström
0%
Nynäshamn S 1,505 Sorunda
0%
Ekerö S 3,507 Stenhamra
0%
Värmdö T 1,254 Torsby
0%
Värmdö V-E 1,093 Värmdö-Evlinge
0%
No matching quizzes found
Score Distribution
Percent of People with Each Score
Percentile by Number Answered
Your Score History
You have not taken this quiz